NHL First three picks since 2001 - Statistics

General Stats
  • This quiz has been taken 33 times
  • The average score is 41 of 83
Answer Stats
2001 Team Player Position % Correct
1 Capitals Alex Ovechkin LW
100%
1 Islanders John Tavares C
100%
1 Blackhawks Patrick Kane RW
100%
1 Penguins Sidney Crosby C
100%
1 Lightning Steven Stamkos C
100%
2 Penguins Evgeni Malkin C
96%
3 Blackhawks Jonathan Toews C
96%
1 Penguins Marc-André Fleury G
96%
1 Avalanche Nathan MacKinnon C
96%
1 Blue Jackets Rick Nash LW
96%
1 Maple Leafs Auston Matthews C
91%
1 Oilers Connor McDavid C
91%
1 Thrashers Ilya Kovalchuk LW
91%
1 Oilers Taylor Hall LW
91%
1 Blues Erik Johnson D
87%
2 Avalanche Gabriel Landeskog LW
87%
2 Sabres Jack Eichel C
87%
3 Hurricanes Jack Johnson D
87%
1 Oilers Ryan Nugent Hopkins C
87%
2 Lightning Victor Hedman D
87%
2 Panthers Aleksander Barkov C
83%
1 Devils Jack Hughes C
83%
1 Panthers Aaron Ekblad D
78%
2 Hurricanes Eric Staal C
78%
2 Penguins Jordan Staal C
78%
2 Jets Patrik Laine LW
78%
1 Sabres Rasmus Dahlin D
78%
2 Kings Drew Doughty D
74%
1 Oilers Nail Yakupov RW
74%
3 Panthers Jonathan Huberdeau LW
70%
3 Oilers Leon Draisaitl C
70%
3 Stars Miro Heiskanen D
70%
3 Senators Tim Stützle LW
70%
2 Rangers Kaapo Kakko RW
65%
1 Devils Nico Hischier C
65%
2 Bruins Tyler Seguin C
65%
1 Rangers Alexis Lafrenière LW
61%
2 Hurricanes Andrei Svechnikov RW
61%
3 Canadiens Jesperi Kotkaniemi C
61%
2 Flyers Nolan Patrick C
61%
3 Blue Jackets Pierre-Luc Dubois LW
61%
2 Ducks Bobby Ryan RW
57%
2 Senators Jason Spezza C
57%
1 Sabres Owen Power D
57%
2 Kings Quinton Byfield C
57%
2 Sabres Sam Reinhart C
57%
3 Coyotes Dylan Strome C
52%
3 Blackhawks Kirby Dach C
43%
3 Ducks Mason McTavish C
43%
2 Kraken Matty Beniers C
43%
3 Canadiens Alex Galchenyuk C
35%
2 Flyers James Van Riemsdyk LW
35%
3 Lightning Jonathan Drouin LW
35%
2 Blue Jackets Ryan Murray D
35%
3 Panthers Erik Gudbranson D
30%
3 Avalanche Matt Duchene C
30%
3 Panthers Jay Bouwmeester D
22%
2 Thrashers Kari lehtonen G
22%
3 Panthers Nathan Horton RW
22%
3 Thrashers Zach Bogosian D
17%
3 Blackhawks Cam Barker D
13%
3 Coyotes Kyle Turris C
13%
3 Lightning Alexandr Svitov C
4%
2002 Team Player Position
0%
2003 Team Player Position
0%
2004 Team Player Position
0%
2005 Team Player Position
0%
2006 Team Player Position
0%
2007 Team Player Position
0%
2008 Team Player Position
0%
2009 Team Player Position
0%
2010 Team Player Position
0%
2011 Team Player Position
0%
2012 Team Player Position
0%
2013 Team Player Position
0%
2014 Team Player Position
0%
2015 Team Player Position
0%
2016 Team Player Position
0%
2017 Team Player Position
0%
2018 Team Player Position
0%
2019 Team Player Position
0%
2020 Team Player Position
0%
2021 Team Player Position
0%
No matching quizzes found
Score Distribution
Percent of People with Each Score
Percentile by Number Answered
Your Score History
You have not taken this quiz